Leonard Maltin's movie guide / (Record no. 212159)
[ view plain ]
| 000 -LEADER | |
|---|---|
| fixed length control field | 01546cas a2200421 a 4500 |
| 001 - CONTROL NUMBER | |
| control field | 13757577 |
| 003 - CONTROL NUMBER IDENTIFIER | |
| control field | BD-DhUL |
| 005 - DATE AND TIME OF LATEST TRANSACTION | |
| control field | 20170720154113.0 |
| 007 - PHYSICAL DESCRIPTION FIXED FIELD--GENERAL INFORMATION | |
| fixed length control field | t| |
| 008 - FIXED-LENGTH DATA ELEMENTS--GENERAL INFORMATION | |
| fixed length control field | 041021c20059999nyuar o 0 a0eng c |
| 010 ## - LIBRARY OF CONGRESS CONTROL NUMBER | |
| LC control number | 2004263210 |
| 016 7# - NATIONAL BIBLIOGRAPHIC AGENCY CONTROL NUMBER | |
| Record control number | 013422999 |
| Source | Uk |
| 022 0# - INTERNATIONAL STANDARD SERIAL NUMBER | |
| International Standard Serial Number | 1555-7235 |
| ISSN-L | 1555-7235 |
| Source | 1 |
| 035 ## - SYSTEM CONTROL NUMBER | |
| System control number | (OCoLC)ocm56482966 |
| 037 ## - SOURCE OF ACQUISITION | |
| Source of stock number/acquisition | Penguin Group, Inc., 375 Hudson St., New York, NY 10014 |
| 040 ## - CATALOGING SOURCE | |
| Original cataloging agency | OrAhW |
| Language of cataloging | eng |
| Transcribing agency | BD-DhUL |
| Modifying agency | TxCM |
| -- | DLC |
| -- | InU |
| -- | OCoLC |
| -- | OrPS |
| -- | UKMGB |
| -- | OCoLC |
| 042 ## - AUTHENTICATION CODE | |
| Authentication code | pcc |
| -- | nsdp |
| 082 00 - DEWEY DECIMAL CLASSIFICATION NUMBER | |
| Classification number | 791.437 |
| Edition number | 20 |
| Item number | LEO |
| 245 00 - TITLE STATEMENT | |
| Title | Leonard Maltin's movie guide / |
| Statement of responsibility, etc. | edited by Leonard Maltin |
| 260 ## - PUBLICATION, DISTRIBUTION, ETC. (IMPRINT) | |
| Place of publication, distribution, etc. | New York, N.Y. : |
| Name of publisher, distributor, etc. | Plume, |
| Date of publication, distribution, etc. | c2004- |
| 300 ## - PHYSICAL DESCRIPTION | |
| Extent | v. ; |
| Dimensions | 20 cm. |
| 310 ## - CURRENT PUBLICATION FREQUENCY | |
| Current publication frequency | Annual |
| 362 0# - DATES OF PUBLICATION AND/OR SEQUENTIAL DESIGNATION | |
| Dates of publication and/or sequential designation | 2005 ed.- |
| 500 ## - GENERAL NOTE | |
| General note | Editor: 2005- Leonard Maltin. |
| 530 ## - ADDITIONAL PHYSICAL FORM AVAILABLE NOTE | |
| Additional physical form available note | Also issued online. |
| 588 ## - SOURCE OF DESCRIPTION NOTE | |
| Source of description note | Description based on first issue; title from cover. |
| 588 ## - SOURCE OF DESCRIPTION NOTE | |
| Source of description note | Latest issue consulted: 2006. |
| 650 #0 - SUBJECT ADDED ENTRY--TOPICAL TERM | |
| Topical term or geographic name as entry element | Motion pictures |
| Form subdivision | Reviews |
| -- | Periodicals. |
| 700 1# - ADDED ENTRY--PERSONAL NAME | |
| Personal name | Maltin, Leonard. |
| 780 00 - PRECEDING ENTRY | |
| Title | Leonard Maltin's movie and video guide |
| International Standard Serial Number | 1082-9466 |
| Record control number | (DLC) 95660765 |
| -- | (OCoLC)25053120 |
| 906 ## - LOCAL DATA ELEMENT F, LDF (RLIN) | |
| a | 7 |
| b | cbc |
| c | serials |
| d | 2 |
| e | ncip |
| f | 20 |
| g | n-oclcserc |
| 942 ## - ADDED ENTRY ELEMENTS (KOHA) | |
| Source of classification or shelving scheme | |
| Koha item type | Reference |
| Price effective from | Date last seen | Permanent Location | Not for loan | Date acquired | Source of classification or shelving scheme | Koha item type | Lost status | Withdrawn status | Copy number | Source of acquisition | Collection code | Damaged status | Shelving location | Barcode | Current Location | Full call number |
|---|---|---|---|---|---|---|---|---|---|---|---|---|---|---|---|---|
| 2017-07-20 | 2017-07-20 | Dhaka University Library | Not For Loan | 2017-07-20 | Reference | 1 | Gift | Reference | Reference | 449379 | Dhaka University Library | 791.437 LEO |
